[Event "FRA-chT 0102 U18"]
[Site "France"]
[Date "2002.05.08"]
[Round "8.10"]
[White "Fernandes Rodrigues, Rui Manuel"]
[Black "Margenstern, Rodolphe"]
[Result "1/2-1/2"]
[WhiteElo "1009"]
[BlackElo "1540"]
[PlyCount "134"]
[EventDate "2001.10.??"]
[EventType "team"]
[EventRounds "11"]
[EventCountry "FRA"]
[SourceTitle "EXT 2003"]
[Source "ChessBase"]
[SourceDate "2002.11.25"]
[SourceVersion "1"]
[SourceVersionDate "2002.11.25"]
[SourceQuality "1"]
[WhiteTeam "Clichy"]
[BlackTeam "Creteil"]
[WhiteTeamCountry "FRA"]
[BlackTeamCountry "FRA"]

1. e4 d5 2. exd5 Qxd5 3. Nc3 Qa5 4. d4 Nf6 5. Bd2 Nc6 6. Nf3 Bg4 7. Be3 0-0-0 8. Be2 e5 9. Bd2 Bxf3 10. Bxf3 Bb4 11. Bxc6 bxc6 12. a3 Bxc3 13. Bxc3 Qd5 14. 0-0 exd4 15. Bb4 Rhe8 16. Qd3 c5 17. Qa6+ Kd7 18. Qxa7 cxb4 19. Rad1 Kc8 20. axb4 Qb7 21. Qc5 Qb6 22. Qf5+ Kb8 23. Ra1 Qxb4 24. Ra3 Rd5 25. Qh3 Qc4 26. Rb3+ Rb5 27. Qf3 Rxb3 28. cxb3 Qd5 29. Qf4 Qe4 30. Qd2 d3 31. f3 Qe3+ 32. Qxe3 Rxe3 33. Rd1 Nd5 34. Kf2 Kb7 35. Rd2 Kb6 36. Kg3 Kb5 37. Kf2 Kb4 38. Kg3 Kxb3 39. Kf2 Re2+ 40. Rxe2 dxe2 41. Kxe2 Kxb2 42. Kd3 Kb3 43. Kd4 Kb4 44. Kxd5 c5 45. Ke4 Kb3 46. Kd3 c4+ 47. Kd2 Kb2 48. g4 c3+ 49. Kd1 c2+ 50. Ke2 c1Q 51. h4 Qf4 52. h5 f5 53. gxf5 Qxf5 54. Ke3 Qxh5 55. Kf4 g5+ 56. Kg3 Qg6 57. f4 Qd6 58. Kg2 Qxf4 59. Kh3 h5 60. Kg2 g4 61. Kh1 h4 62. Kg2 h3+ 63. Kg1 g3 64. Kh1 h2 65. Kg2 Qf2+ 66. Kh3 h1Q+ 67. Kg4 Qh6 1/2-1/2

[Event "FRA-chT 0102 U18"]
[Site "France"]
[Date "2002.??.??"]
[Round "11.9"]
[White "Dubessay, Bastien"]
[Black "Fernandes Rodrigues, Rui Manuel"]
[Result "1-0"]
[WhiteElo "1620"]
[BlackElo "1009"]
[PlyCount "133"]
[EventDate "2001.10.??"]
[EventType "team"]
[EventRounds "11"]
[EventCountry "FRA"]
[SourceTitle "EXT 2003"]
[Source "ChessBase"]
[SourceDate "2002.11.25"]
[SourceVersion "1"]
[SourceVersionDate "2002.11.25"]
[SourceQuality "1"]
[WhiteTeam "Clichy"]
[BlackTeam "AECE"]
[WhiteTeamCountry "FRA"]
[BlackTeamCountry "FRA"]

1. d4 Nf6 2. c4 e6 3. Nc3 Bb4 4. Qc2 c5 5. dxc5 Bxc5 6. Nf3 Nc6 7. Bg5 Qb6 8. e3 Nb4 9. Qd2 Be7 10. Be2 d5 11. a3 Nc6 12. Bxf6 Bxf6 13. cxd5 Na5 14. Na4 Qd8 15. Bb5+ Kf8 16. 0-0 exd5 17. Rad1 a6 18. Be2 Be6 19. Nc5 Rc8 20. Nxe6+ fxe6 21. Nd4 Bxd4 22. Qxd4 Nc6 23. Qf4+ Qf6 24. Qxf6+ gxf6 25. Bg4 Ke7 26. Rfe1 Ne5 27. Bh3 f5 28. Kf1 Rc2 29. Re2 Rxe2 30. Kxe2 Nc4 31. Kf3 Nxb2 32. Rb1 Nc4 33. Rxb7+ Kf6 34. Ra7 Nxa3 35. Rxa6 Nc4 36. Kf4 Ke7 37. g4 Nd6 38. gxf5 exf5 39. Bxf5 Rf8 40. Ra7+ Kf6 41. Bxh7 Ke6+ 42. Kg5 Rxf2 43. Bg8+ Nf7+ 44. Bxf7+ Rxf7 45. Rxf7 Kxf7 46. Kf5 Ke7 47. Ke5 d4 48. exd4 Kd7 49. h4 Ke7 50. d5 Kd7 51. h5 Ke7 52. d6+ Kd7 53. h6 Ke8 54. Ke6 Kd8 55. d7 Kc7 56. Ke7 Kc6 57. d8Q Kc5 58. Qd6+ Kc4 59. Ke6 Kc3 60. Ke5 Kc4 61. Qd4+ Kb3 62. Qc5 Kb2 63. Qc4 Ka3 64. Qb5 Ka2 65. h7 Ka1 66. h8Q Ka2 67. Qa8# 1-0